000 00453nam a2200181Ia 4500
003 GCL
008 140319s9999 xx 000 0 eng d
040 _aGCL /
_cGCL
082 0 4 _a422
_bL A
100 1 _aSVARTVIK, JAN
245 1 0 _aA COMMUNICATIVE GRAMMAR OF ENGLISH /
_cSVARTVIK, JAN
700 1 _aLEECH, GEOBFREY
260 _a[S.N] :
_bELBS ،
_c1994
300 _a423 PP
650 0 4 _aGRAMMAR
650 0 4 _aENGLISH LANGUAGE
942 _2ddc
_cBK
999 _c10771
_d10771